000 02554nam0a2200361 4500
001 RU\NLR\BIBL_A\016213059
005 20230201160358.0
010 _a978-5-6046253-9-2
_9300
021 _aRU
_bКН-П-22-072606
_9КН-П-22-6321
035 _a(NLR Aleph) 016213059
035 _a(RuMoRGB)011297199
090 _a12713541
_c12713541
100 _a20221121d2021 k y0rusy50 ca
101 0 _arus
102 _aRU
105 _aah||z|||1||z|
181 1 _ai3
_baxxe
182 1 _an
200 1 _aДвадцать первая Всероссийская нумизматическая конференция, Тверь, 24-29 мая 2021 года
_eтезисы докладов и сообщений
_fТверской государственный объединенный музей [и др.]
203 _aТекст
_bвизуальный
_cнепосредственный
210 _aТверь
_cТверская фабрика печати
_d2021
215 _a323 с.
_cил., факс.
_d22
320 _aБиблиогр. в конце ст. и в подстроч. примеч.
320 _aУказ. авт.: с. 316-317
330 _aВ сборник входят тезисы докладов и сообщений Двадцать первой Всероссийской нумизматической конференции (Тверь, 24-29 мая 2021 г.). Они посвящены актуальным вопросам нумизматики всех исторических периодов, бонистике, медальерному искусству, фалеристике, сфрагистике и истории науки. Издание рассчитано на специалистов, музейных работников и всех, кто интересуется нумизматикой и близкими ей дисциплинами. Издание осуществлено при финансовой поддержке автономной некоммерческой организации "Международный нумизматический клуб"
606 1 _aНумизматика
_jСъезды, совещания и т.п
_91319116
_3RU\NLR\AUTH\66231832
686 1 _aТ221я431
710 1 2 _aВсероссийская нумизматическая конференция
_d21
_eТверь
_f2021
_9822459
_3RU\NLR\AUTH\880578368
942 _cBOOK
980 _aNB